000 00613nam a2200229Ia 4500
003 OSt
005 20221007075313.0
006 a|||||r|||| 00| 0
007 ta
008 221006b |||||||| |||| 00| 0 eng d
024 _a12,299
037 _cTextual
040 _aFLL
_cFLL
_beng
041 _2eng
_aeng
082 _aV2,3:3.N8, M5
100 _aJain R.B. Ed.
245 0 _aLegislative process in development
260 _aNew Delhi
_bGitanjali publishing house India
_c1985
300 _a251p
_ccm.
942 _hV2,3:3.N8, M5
_cTEXL
_2CC
999 _c1155553
_d1155553